| 000 | 00531nam a22001697a 4500 | ||
|---|---|---|---|
| 003 | SISC | ||
| 005 | 20161121152354.0 | ||
| 008 | 161121b xxu||||| |||| 00| 0 eng d | ||
| 020 | _a9781530475100 | ||
| 050 |
_aHD 30.2 _b.In43 2016 |
||
| 100 | _aSmallwood, Robert F. | ||
| 245 |
_aInformation governance for executives / _cRobert F. Smallwood. |
||
| 260 |
_aUSA : _bBacchus Business Books, _c2016. |
||
| 300 |
_a185 pages : _billustrations ; _c23 cm. |
||
| 500 | _aIncludes index and bibliographical references. | ||
| 942 |
_2lcc _cBK |
||
| 999 |
_c305282 _d305282 |
||